| 000 | 00580nam a2200193Ia 4500 | ||
|---|---|---|---|
| 005 | 20250508163541.0 | ||
| 008 | 008 250505s9999 xx 000 0 hin d | ||
| 020 | _a81-7315-084-2 | ||
| 037 | _aTextual | ||
| 040 |
_aFEDL _beng _cFEDL |
||
| 041 |
_ahin _2hin |
||
| 084 |
_a379.154, AGG _qFEDL |
||
| 100 |
_aAgrawal J C _9104702 |
||
| 245 | 0 | _aRashtriya shiksha neeti: 1994 tak huai sudharo, sansodhano wa parivertno sheet | |
| 260 |
_aDelhi, India _bPrabhat Prakashan _c1994 |
||
| 300 | _a124p. | ||
| 942 |
_cTEXL _h379.154, AGG |
||
| 999 |
_c1384017 _d1384017 |
||